000
00242nam a2200097Ia 4500
001
688100
005
20250826161608.0
008
250824s9999 xx 000 0 und d
245
0
_a
PERİLİ KÖŞK
_c
ÖMER SEYFETTİN
260
_b
TİMAŞ YAYINLARI
999
_c
688100
_d
688100